LEADER 01512nam0 22003373i 450 001 CFI0133014 005 20231121125439.0 010 $a9024729238 100 $a19981126d1984 ||||0itac50 ba 101 | $aeng 102 $anl 181 1$6z01$ai $bxxxe 182 1$6z01$an 200 1 $aEarly deism in France$efrom the so-called 'deistes' of Lyon (1564) to Voltaire's 'Lettres philosophiques' (1734)$fC. J. Betts 210 $aThe Hague (etc.)$cNijhoff$d1984 215 $aix, 309 p.$d25 cm. 225 | $aArchives internationales d'histoire des idées $d International archives of the history of ideas$v104 410 0$1001CFI0075163$12001 $aArchives internationales d'histoire des idées $d International archives of the history of ideas$v104 606 $aDeismo$xFrancia$xSec. 16.-18.$2FIR$3RMLC182255$9I 606 $aFrancia$xStoria religiosa$xSec. 16.-18.$2FIR$3RMLC182254$9I 676 $a211.50944$9$v21 700 1$aBetts$b, C. J.$3CFIV081325$4070$0539131 801 3$aIT$bIT-01$c19981126 850 $aIT-RM028 $aIT-FR0017 899 $aBiblioteca Universitaria Alessandrina$bRM028 899 $aBiblioteca umanistica Giorgio Aprea$bFR0017 912 $aCFI0133014 950 0$aBiblioteca umanistica Giorgio Aprea$d 52CIS 11/1139-.104$e 52VM 0000394865 VM barcode:00017839. - Inventario:19622 MAGVM$fA $h20040210$i20121204 977 $a 01$a 52 996 $aEarly deism in France$9859173 997 $aUNICAS